| 000 | 00959nas a2200301 4500 | ||
|---|---|---|---|
| 001 | BR2013001199 | ||
| 003 | BR-BrBNA | ||
| 005 | 20231205121918.0 | ||
| 007 | ta | ||
| 008 | 230509b bl.|||p| |||| 00| 00por d | ||
| 040 |
_aBR-BrBNA _bpor _cBiblioteca Nacional de Agricultura |
||
| 041 | _a(Pt) | ||
| 072 | _aP10; F60 | ||
| 100 | 1 | _aBarni, N.A. | |
| 100 | 1 | _aGomes, J.E. da S. | |
| 100 | 1 | _aGonçalves, J.C. | |
| 245 | 1 | _aEfeito de época de semeadura, espaçamento e população de plantas sobre o desempenho da soja (Glycine max (L., Merril), em solo hidromórfico | |
| 650 | _aSOJA | ||
| 650 | _aSOLO HIDROMÓRFICO | ||
| 650 | _aÉPOCA DE SEMEADURA | ||
| 650 | _aPOPULAÇÃO DE PLANTA | ||
| 650 | _aESPAÇAMENTO | ||
| 650 | _aRENDIMENTO | ||
| 650 | _aGRÃO | ||
| 773 | 0 |
_tAgronomia Sulriograndense (Brazil) _xISSN 0400-8111 _g(1985), v. 21(2) p. 245-296 _wBR2013001199 |
|
| 909 |
_a202311 _bLúcia _c55 _dLúcia Elande |
||
| 942 |
_2AGRIS _n0 _cANA |
||
| 999 |
_c225901 _d225901 |
||